000 01295nam a2200229Ia 4500
003 Ost
005 20260507075330.0
008 260507s9999||||xx |||||||||||||| ||und||
020 _a21487099579
040 _cfsecg
041 _aara
082 _a330
100 _aنهر، هادي
_eمؤلف
245 0 _aإدارة الإتصال و التواصل :
_bالنظريات ، العمليات ، الوسائط ، الكفايات /
_c هادي نهر
260 _aاربد:
_bعالم الكتب الحديث,
_c2009
300 _a364 صفحة؛
_bإيضاحات ؛
_c24 سم
520 _aاللغة و الكلام في المفهوم اللساني الحديث ، بين الرمز و الاشارة و العلامة ، اللسانيات و الاعلام ، الاتصال الانساني : المفهوم و النظرية و الأهداف ، خصائص عملية الاتصال ووسائل الاتصال و الاعلام ، الكفايات الاتصالية و الاعلامية ، ادارة المقابلات ، الاتصال الاداري ادارة المعرفة و نظم ادارة المعلومات
653 _aالاتصال
653 _aالاتصال ــ إدارة
700 _aالخطيب، أحمد
_eمؤلف ثانوي
942 _cكتاب
999 _c43998
_d43998